书目信息 |
| 题名: |
戏剧剖析
|
|
| 作者: | 艾思林 著 | |
| 分册: | ||
| 出版信息: | 北京 中国戏剧出版社 1981.12 |
|
| 页数: | 115页 | |
| 开本: | 20cm | |
| 丛书名: | ||
| 单 册: | ||
| 中图分类: | J830.2 | |
| 科图分类: | ||
| 主题词: | 戏剧--艺术--世界 , 戏剧--艺术--各国 | |
| 电子资源: | ||
| ISBN: | ||
| 000 | 00537nam0 2200193 45 | |
| 001 | 0312221749 | |
| 005 | 20070729095354.27 | |
| 010 | @dCNY0.77 | |
| 100 | @a20031222d1981 km y0chiy0120 ea | |
| 101 | @achi@ceng | |
| 200 | 1 | @a戏剧剖析@AXi Ju Pou Xi@f(英)马丁·艾思林著@F(Ying)Ma Ding·Ai Si Lin Zhu |
| 210 | @a北京@c中国戏剧出版社@d1981.12 | |
| 215 | @a115页@d20cm | |
| 606 | 0 | @a戏剧@x艺术@x世界 |
| 606 | 0 | @a戏剧@x艺术@y各国 |
| 690 | @aJ830.2@v4 | |
| 701 | 0 | @a艾思林@Aai si lin@4著 |
| 801 | @aCN@bTSTCL@c20070729 | |
| 905 | @dJ830.2@e25 | |
| 戏剧剖析/(英)马丁·艾思林著.-北京:中国戏剧出版社,1981.12 |
| 115页;20cm |
| ISBN :CNY0.77 |
| ● |
| 相关链接 |
|
|
|
|
正题名:戏剧剖析
索取号:J830.2/25
 
预约/预借
| 序号 | 登录号 | 条形码 | 馆藏地/架位号 | 状态 | 备注 |
| 1 | 0172119 | 001222705 | 第一借阅区/ [索取号:J830.2/25] | 在馆 | |
| 2 | 0172120 | 001222689 | 第一样本阅览室/ [索取号:J830.2/25] | 在馆 | |
| 3 | 0227680 | 001222661 | 第一借阅区/ [索取号:J830.2/25] | 在馆 | |
| 4 | 0227681 | 202226215 | 密集书库/ [索取号:J830.2/25] | 在馆 | |
| 5 | 0785555 | 207855551 | 密集书库/ [索取号:J830.2/25] | 在馆 |